[Event "GER Pfingstopen U16"]
[Site "Playchess.com INT"]
[Date "2020.06.05"]
[Round "4"]
[White "Sarbu, Carla Alexandra"]
[Black "Gerhardt, Paul"]
[Result "1-0"]
[WhiteElo "1309"]
[BlackElo "1339"]
[PlyCount "41"]
[EventDate "2020.06.05"]
[EventType "swiss (blitz)"]
[EventRounds "11"]
[EventCountry "GER"]
[SourceTitle "CBM 197 Extra"]
[Source "ChessBase"]
[SourceDate "2020.09.30"]
[SourceVersion "1"]
[SourceVersionDate "2020.09.30"]
[SourceQuality "1"]

1. e4 c5 2. Nf3 d6 3. d4 cxd4 4. Nxd4 e5 5. Nf3 Nf6 6. Nc3 g6 7. Be3 Qa5 8. Nd2 Bg7 9. Nb3 Qb4 10. a3 Qxc3+ 11. bxc3 0-0 12. Bd3 Rd8 13. g4 d5 14. g5 dxe4 15. gxf6 Bxf6 16. h4 exd3 17. cxd3 e4 18. d4 h5 19. Rg1 Nc6 20. Qxh5 g5 21. Bxg5 1-0

[Event "GER Pfingstopen U12"]
[Site "Playchess.com INT"]
[Date "2020.06.02"]
[Round "7"]
[White "Haug, Mara"]
[Black "Sarbu, Carla Alexandra"]
[Result "1-0"]
[WhiteElo "1620"]
[BlackElo "1620"]
[PlyCount "111"]
[EventDate "2020.06.02"]
[EventType "swiss (blitz)"]
[EventRounds "11"]
[EventCountry "GER"]
[SourceTitle "CBM 197 Extra"]
[Source "ChessBase"]
[SourceDate "2020.09.30"]
[SourceVersion "1"]
[SourceVersionDate "2020.09.30"]
[SourceQuality "1"]

1. e4 c6 2. d4 d5 3. e5 Bf5 4. Nf3 e6 5. Be2 Nd7 6. 0-0 Ne7 7. Bd2 Ng6 8. Na3 Be7 9. c3 0-0 10. Qb3 b5 11. Nc2 c5 12. Ne3 cxd4 13. cxd4 Qb6 14. Qxb5 Qxb5 15. Bxb5 Nb6 16. Nxf5 exf5 17. Bd3 f6 18. Bxf5 fxe5 19. Bxg6 hxg6 20. Nxe5 Rac8 21. Nxg6 Rf7 22. Bc3 Na4 23. Nxe7+ Rxe7 24. Bb4 Re4 25. b3 Rxd4 26. bxa4 Rxb4 27. a5 d4 28. Rfd1 Rbc4 29. h3 Rc2 30. Rxd4 Rc1+ 31. Rxc1 Rxc1+ 32. Kh2 Rf1 33. Kg3 Ra1 34. Ra4 Rd1 35. Rc4 Rd6 36. Rc8+ Kh7 37. Kf4 Ra6 38. Rc5 g5+ 39. Kxg5 Kg7 40. Rc7+ Kf8 41. Rc5 Ke8 42. h4 Kd7 43. h5 Kd6 44. Rf5 Kc6 45. Rf6+ Kb5 46. Rxa6 Kxa6 47. h6 Kxa5 48. h7 Ka4 49. h8Q Ka3 50. Qc3+ Kxa2 51. Qb4 Ka1 52. Kf4 Ka2 53. Ke3 Ka1 54. Kd2 Ka2 55. Kc2 Ka1 56. Qb2# 1-0

[Event "GER Pfingstopen U12"]
[Site "Playchess.com INT"]
[Date "2020.06.02"]
[Round "10"]
[White "Kutz, Ida Klara"]
[Black "Sarbu, Carla Alexandra"]
[Result "0-1"]
[WhiteElo "1620"]
[BlackElo "1620"]
[PlyCount "54"]
[EventDate "2020.06.02"]
[EventType "swiss (blitz)"]
[EventRounds "11"]
[EventCountry "GER"]
[SourceTitle "CBM 197 Extra"]
[Source "ChessBase"]
[SourceDate "2020.09.30"]
[SourceVersion "1"]
[SourceVersionDate "2020.09.30"]
[SourceQuality "1"]

1. e4 c6 2. d4 d5 3. exd5 cxd5 4. Nc3 Nf6 5. Bb5+ Bd7 6. Bg5 e6 7. Nf3 Bd6 8. Ne5 Bxb5 9. Nxb5 Nc6 10. Bxf6 gxf6 11. Nxd6+ Qxd6 12. Ng4 e5 13. dxe5 fxe5 14. 0-0 0-0-0 15. Re1 Rhg8 16. Qf3 Rg7 17. Qf5+ Kb8 18. Qh5 Rdg8 19. Nh6 Rxg2+ 20. Kh1 R8g6 21. Nxf7 Qf6 22. Qxh7 Qxf2 23. Rf1 Qxc2 24. Qh8+ Kc7 25. Nxe5 Qe4 26. Nxg6 Rxg6+ 27. Rf3 Qxf3# 0-1

[Event "Heusenstamm Sparkassen op U14 6th"]
[Site "Heusenstamm"]
[Date "2019.11.23"]
[Round "3"]
[White "Paschedag, Vivien"]
[Black "Sarbu, Carla Alexandra"]
[Result "1-0"]
[WhiteElo "923"]
[BlackElo "846"]
[PlyCount "59"]
[EventDate "2019.11.21"]
[EventType "swiss"]
[EventRounds "7"]
[EventCountry "GER"]
[SourceTitle "CBM 194 Extra"]
[Source "ChessBase"]
[SourceDate "2020.03.31"]
[SourceVersion "1"]
[SourceVersionDate "2020.03.31"]
[SourceQuality "1"]

1. e4 e5 2. Nf3 Nc6 3. Bc4 Bc5 4. 0-0 Nf6 5. d3 0-0 6. Bg5 h6 7. Bh4 Qe7 8. Nc3 d6 9. Nd5 Nxd5 10. Bxe7 Ndxe7 11. h3 Be6 12. b3 Bxc4 13. bxc4 Nd4 14. Rb1 Rab8 15. c3 Nxf3+ 16. Qxf3 a6 17. Rfd1 b5 18. d4 Ba7 19. cxb5 axb5 20. Qg4 c6 21. Rd3 c5 22. Rg3 g6 23. Qh4 Kh7 24. Qxe7 Bb6 25. Qxd6 cxd4 26. c4 Rfd8 27. Qf6 d3 28. Qxf7+ Kh8 29. Qxg6 Rd6 30. Qg7# 1-0

[Event "Heusenstamm Sparkassen op U14 6th"]
[Site "Heusenstamm"]
[Date "2019.11.23"]
[Round "4"]
[White "Sarbu, Carla Alexandra"]
[Black "Terlinde, Mattis"]
[Result "0-1"]
[WhiteElo "846"]
[BlackElo "807"]
[PlyCount "120"]
[EventDate "2019.11.21"]
[EventType "swiss"]
[EventRounds "7"]
[EventCountry "GER"]
[SourceTitle "CBM 194 Extra"]
[Source "ChessBase"]
[SourceDate "2020.03.31"]
[SourceVersion "1"]
[SourceVersionDate "2020.03.31"]
[SourceQuality "1"]

1. e4 e5 2. Nf3 Nc6 3. Bc4 Nf6 4. Nc3 Bc5 5. 0-0 0-0 6. d3 h6 7. Be3 Bxe3 8. fxe3 Ng4 9. Nxe5 Ncxe5 10. d4 Nxc4 11. Rf3 Ngxe3 12. Qe2 Ng4 13. Qxc4 Qh4 14. h3 Nf6 15. e5 Ne4 16. Nxe4 Qxe4 17. Qc3 c6 18. Rg3 d5 19. Re1 Qf4 20. Qd3 Bf5 21. Rf1 Bxd3 22. Rxf4 Bxc2 23. Rfg4 Bg6 24. e6 Rae8 25. exf7+ Rxf7 26. Rf3 Rxf3 27. gxf3 Bf5 28. Rg3 Re6 29. b4 Rg6 30. Rxg6 Bxg6 31. Kf2 Kf7 32. Ke3 Ke6 33. Kd2 Kf5 34. Kc3 Kf4 35. a4 Kxf3 36. b5 cxb5 37. axb5 Be4 38. Kb4 Kg3 39. Kc5 g5 40. Kd6 Kxh3 41. Kc7 g4 42. Kxb7 g3 43. Kxa7 g2 44. b6 g1Q 45. b7 Qxd4+ 46. Ka8 Qa4+ 47. Kb8 d4 48. Kc7 Qc4+ 49. Kb6 Qb4+ 50. Ka6 Qxb7+ 51. Ka5 d3 52. Ka4 d2 53. Ka3 d1Q 54. Ka2 Kg3 55. Ka3 h5 56. Ka2 h4 57. Ka3 h3 58. Ka2 h2 59. Ka3 h1Q 60. Ka2 Qa1# 0-1